000 00532nam a2200217Ia 4500
003 GCL
008 140319s9999 xx 000 0 eng d
040 _aGCL /
_cGCL
082 0 4 _a370.153
_bG C
100 1 _aGRAY, PETER
245 1 0 _aCHALLENGING BEHAVIOUR IN SCHOOLS /
_cGRAY, PETER
700 1 _aMILLER, ANDY
700 1 _aNOAKES, JIM
260 _a[S.N] :
_bROUTLEDGE ،
_c1994
300 _a271
650 0 4 _aSCHOOLS
650 0 4 _aELEMENTARY SCHOOL
650 0 4 _aPARENTS
650 0 4 _aBEHAVIOURISM
942 _2ddc
_cBK
999 _c18214
_d18214